[Event "Sabadell Coral Colon op 13th"]
[Site "Sabadell"]
[Date "2019.02.22"]
[Round "1"]
[White "Roig Gorina, Harold"]
[Black "Pina Cano, Francisco"]
[Result "1-0"]
[WhiteElo "1842"]
[BlackElo "1568"]
[PlyCount "67"]
[EventDate "2019.02.22"]
[EventType "swiss"]
[EventRounds "8"]
[EventCountry "ESP"]
[SourceTitle "CBM 190 Extra"]
[Source "ChessBase"]
[SourceDate "2019.07.15"]
[SourceVersion "1"]
[SourceVersionDate "2019.07.15"]
[SourceQuality "1"]

1. d4 d5 2. c4 e5 3. dxe5 d4 4. Nf3 Nc6 5. g3 Bb4+ 6. Bd2 Bxd2+ 7. Nbxd2 Be6 8. Bg2 Nge7 9. 0-0 Ng6 10. Qb3 Rb8 11. Qa4 0-0 12. Rac1 a6 13. Rfd1 Ncxe5 14. Nxe5 Nxe5 15. Nb3 d3 16. exd3 Qf6 17. Nd2 Nxd3 18. Ne4 Qd4 19. Qc2 Rfd8 20. Bf1 Qxe4 21. Bxd3 Rxd3 22. Qxd3 Qc6 23. Qd8+ Qe8 24. Qxe8+ Rxe8 25. b3 Kf8 26. Re1 Rd8 27. Rcd1 Rxd1 28. Rxd1 Ke7 29. Kg2 g6 30. Kf3 h5 31. Kf4 Kf6 32. Rd8 g5+ 33. Ke3 Ke7 34. Rh8 1-0

[Event "Sabadell Coral Colon op 12th"]
[Site "Sabadell"]
[Date "2018.03.23"]
[Round "7"]
[White "Rahal, Richard"]
[Black "Roig Gorina, Harold"]
[Result "0-1"]
[WhiteElo "1799"]
[BlackElo "1863"]
[PlyCount "102"]
[EventDate "2018.02.09"]
[EventType "swiss"]
[EventRounds "9"]
[EventCountry "ESP"]
[SourceTitle "EXT 2019"]
[Source "ChessBase"]
[SourceDate "2018.10.10"]
[SourceVersion "1"]
[SourceVersionDate "2018.10.10"]
[SourceQuality "1"]

1. Nf3 Nf6 2. g3 d5 3. Bg2 Bf5 4. 0-0 e6 5. d3 Be7 6. Bf4 0-0 7. Nc3 c6 8. a4 Nbd7 9. Re1 a5 10. e4 dxe4 11. dxe4 Bg6 12. Ne5 Nxe5 13. Bxe5 Nd7 14. Bd6 Nb6 15. Bxe7 Qxe7 16. Qd4 Qc7 17. Rad1 Rfd8 18. Qc5 Rxd1 19. Rxd1 Nc8 20. Qd4 Nb6 21. Qc5 Nc8 22. Qe3 Qe7 23. Qd4 Kf8 24. f4 Qc7 25. g4 f6 26. f5 Bf7 27. b3 Qb6 28. Ne2 e5 29. Qxb6 Nxb6 30. h4 Ke7 31. Kf2 Rd8 32. Rxd8 Kxd8 33. Nc1 Kd7 34. Nd3 Kd6 35. c4 Nd7 36. Ke3 Nc5 37. Nc1 h6 38. Kd2 b5 39. axb5 cxb5 40. cxb5 Nxb3+ 41. Nxb3 Bxb3 42. Kc3 Bf7 43. Bf1 Kc5 44. Kb2 Be8 45. b6 Kxb6 46. Bc4 Bc6 47. Bd3 Kc5 48. Kc3 a4 49. Bb1 a3 50. Kd3 Kb4 51. Ba2 Bb5+ 0-1

[Event "Sabadell Coral Colon op 12th"]
[Site "Sabadell"]
[Date "2018.03.16"]
[Round "6"]
[White "Cornejo Vera, Danilo"]
[Black "Roig Gorina, Harold"]
[Result "0-1"]
[WhiteElo "1730"]
[BlackElo "1863"]
[PlyCount "110"]
[EventDate "2018.02.09"]
[EventType "swiss"]
[EventRounds "9"]
[EventCountry "ESP"]
[SourceTitle "EXT 2019"]
[Source "ChessBase"]
[SourceDate "2018.10.10"]
[SourceVersion "1"]
[SourceVersionDate "2018.10.10"]
[SourceQuality "1"]

1. e4 e5 2. Nf3 Nc6 3. Bc4 Bc5 4. c3 Nf6 5. a4 a6 6. d3 d6 7. b4 Bb6 8. Qb3 Qe7 9. Bg5 Nd8 10. Nbd2 h6 11. Bh4 Be6 12. Bd5 c6 13. Bc4 g5 14. Bg3 Bxc4 15. Nxc4 Bc7 16. Ne3 Nh5 17. a5 Ne6 18. Nf5 Qf6 19. 0-0 Nhg7 20. Ne3 h5 21. h4 g4 22. Ne1 Nf4 23. Ra2 Bb8 24. d4 Ba7 25. Qd1 0-0-0 26. d5 cxd5 27. Nxd5 Nxd5 28. Qxd5 Qe6 29. c4 Qxd5 30. cxd5 f5 31. exf5 Nxf5 32. Kh2 Kd7 33. Nd3 Rc8 34. Rb2 Bd4 35. Rbb1 Ne7 36. Rfd1 Rc3 37. b5 Rhc8 38. bxa6 bxa6 39. Nb4 Ra3 40. Nxa6 Rxa5 41. Rb7+ Kd8 42. Nb8 Rc7 43. Nc6+ Nxc6 44. dxc6 Rxb7 45. cxb7 Rb5 46. f3 gxf3 47. gxf3 Rxb7 48. f4 Ke7 49. f5 Kf6 50. Rf1 Rb2+ 51. Kh3 d5 52. Be1 Rb1 53. Kg2 Ra1 54. Kf3 Bc3 55. Ke2 Rxe1+ 0-1

[Event "Sabadell op 11th"]
[Site "Sabadell"]
[Date "2017.??.??"]
[Round "7.5"]
[White "Torrecillas Gonzalez, Antonio"]
[Black "Roig Gorina, Harold"]
[Result "1/2-1/2"]
[WhiteElo "2014"]
[BlackElo "1913"]
[PlyCount "43"]
[EventDate "2017.02.03"]
[EventType "swiss"]
[EventRounds "9"]
[EventCountry "ESP"]
[SourceTitle "EXT 2024"]
[Source "ChessBase"]
[SourceDate "2023.10.10"]
[SourceVersion "1"]
[SourceVersionDate "2023.10.10"]
[SourceQuality "1"]

1. e4 e5 2. Nf3 Nc6 3. Bb5 a6 4. Ba4 Nf6 5. 0-0 Be7 6. Re1 b5 7. Bb3 d6 8. c3 0-0 9. h3 Na5 10. Bc2 c5 11. d4 Qc7 12. Nbd2 cxd4 13. cxd4 Nc6 14. d5 Nb4 15. Bb1 a5 16. Nf1 Bd7 17. Ne3 g6 18. Nh2 Rfc8 19. a3 Na6 20. Nhg4 Nxg4 21. Nxg4 Bxg4 22. Qxg4 1/2-1/2

[Event "Sabadell Coral Colon op 10th"]
[Site "Sabadell"]
[Date "2016.03.11"]
[Round "8"]
[White "Roig Gorina, Harold"]
[Black "Morais Carreras, Javier"]
[Result "1/2-1/2"]
[WhiteElo "1885"]
[BlackElo "1958"]
[PlyCount "34"]
[EventDate "2016.01.22"]
[EventType "swiss"]
[EventRounds "9"]
[EventCountry "ESP"]
[SourceTitle "EXT 2017"]
[Source "ChessBase"]
[SourceDate "2016.10.25"]
[SourceVersion "1"]
[SourceVersionDate "2016.10.25"]
[SourceQuality "1"]

1. d4 d5 2. c4 e6 3. Nc3 Nf6 4. Bg5 Be7 5. e3 0-0 6. Nf3 c6 7. Rc1 Nbd7 8. Qc2 Re8 9. a3 dxc4 10. Bxc4 Nd5 11. Bxe7 Qxe7 12. 0-0 Nxc3 13. Qxc3 e5 14. dxe5 Nxe5 15. Nxe5 Qxe5 16. Qxe5 Rxe5 17. Rfd1 Kf8 1/2-1/2

[Event "Sabadell Coral Colon op 10th"]
[Site "Sabadell"]
[Date "2016.02.26"]
[Round "6"]
[White "Roig Gorina, Harold"]
[Black "Maqueda Berdugo, Francisco"]
[Result "1/2-1/2"]
[WhiteElo "1885"]
[BlackElo "1821"]
[PlyCount "88"]
[EventDate "2016.01.22"]
[EventType "swiss"]
[EventRounds "9"]
[EventCountry "ESP"]
[SourceTitle "EXT 2017"]
[Source "ChessBase"]
[SourceDate "2016.10.25"]
[SourceVersion "1"]
[SourceVersionDate "2016.10.25"]
[SourceQuality "1"]

1. d4 d5 2. c4 e6 3. Nf3 Nf6 4. Bg5 Be7 5. e3 0-0 6. Nc3 h6 7. Bxf6 Bxf6 8. Qc2 c6 9. Rd1 Nd7 10. Be2 dxc4 11. Bxc4 Nb6 12. Be2 Nd5 13. 0-0 Nxc3 14. bxc3 Qe7 15. h3 e5 16. dxe5 Bxe5 17. Nxe5 Qxe5 18. Rd2 Qg5 19. Kh1 Be6 20. Rfd1 Rfd8 21. Bf3 Qf6 22. Kh2 Qe5+ 23. g3 Qf6 24. Bg2 Kf8 25. a3 Rxd2 26. Rxd2 Rd8 27. Rd4 Rxd4 28. cxd4 Qf5 29. Qb2 Bd5 30. Bxd5 cxd5 31. Qb4+ Ke8 32. Kg2 Qd7 33. Qc5 a6 34. Qa7 Qb5 35. Qb8+ Ke7 36. Qe5+ Kf8 37. e4 dxe4 38. Qxe4 Qc6 39. d5 Qd6 40. a4 b5 41. axb5 axb5 42. Kf3 b4 43. Qc4 Qf6+ 44. Ke3 Qe5+ 1/2-1/2

[Event "Sabadell Coral Colon op 6th"]
[Site "Sabadell"]
[Date "2012.03.02"]
[Round "4"]
[White "Roig Gorina, Harold"]
[Black "Rahal, Joe"]
[Result "1-0"]
[WhiteElo "1945"]
[BlackElo "1758"]
[PlyCount "119"]
[EventDate "2012.02.10"]
[EventType "swiss"]
[EventRounds "9"]
[EventCountry "ESP"]
[SourceTitle "EXT 2014"]
[Source "ChessBase"]
[SourceDate "2013.11.20"]
[SourceVersion "1"]
[SourceVersionDate "2013.11.20"]
[SourceQuality "1"]

1. d4 g6 2. c4 Bg7 3. Nc3 e5 4. dxe5 Bxe5 5. Nf3 Bg7 6. Bg5 Nf6 7. e3 0-0 8. Be2 d6 9. 0-0 Be6 10. Qd2 Nbd7 11. Rac1 h6 12. Bh4 Ne5 13. b3 Qe7 14. Nd5 Bxd5 15. cxd5 Nxf3+ 16. Bxf3 g5 17. Bg3 Rac8 18. Rc2 Rfd8 19. Rfc1 Rd7 20. Qb4 b6 21. Rc6 Ne8 22. Bg4 Rcd8 23. Bxd7 Rxd7 24. Qc4 a5 25. Qc2 Be5 26. Bxe5 Qxe5 27. Qd3 Kg7 28. Qc3 Kf6 29. f3 Qxc3 30. R1xc3 Ke7 31. Kf2 Kd8 32. e4 Nf6 33. Rc1 Ng8 34. h4 Ne7 35. R6c2 f6 36. hxg5 fxg5 37. Rh1 Ng8 38. g3 Kc8 39. Ke3 Kb7 40. Kd4 Ne7 41. Rxh6 c5+ 42. Kd3 b5 43. Rh7 Kb6 44. Rg7 b4 45. Rh2 Nc6 46. Rxd7 Ne5+ 47. Kd2 Nxd7 48. f4 gxf4 49. gxf4 c4 50. bxc4 Kc5 51. Kd3 a4 52. Re2 Nb6 53. e5 dxe5 54. fxe5 b3 55. axb3 axb3 56. e6 Nxc4 57. e7 b2 58. Rxb2 Nxb2+ 59. Kc2 Nc4 60. e8Q 1-0

[Event "Manresa op"]
[Site "Manresa"]
[Date "2004.08.22"]
[Round "2"]
[White "Roig Gorina, Harold"]
[Black "Grigore, George Gabriel"]
[Result "0-1"]
[WhiteElo "2038"]
[BlackElo "2507"]
[PlyCount "52"]
[EventDate "2004.08.21"]
[EventType "swiss"]
[EventRounds "9"]
[EventCountry "ESP"]
[SourceTitle "CBM 102 Extra"]
[Source "ChessBase"]
[SourceDate "2004.11.03"]
[SourceVersion "1"]
[SourceVersionDate "2004.11.03"]
[SourceQuality "1"]

1. d4 Nf6 2. c4 g6 3. Nc3 Bg7 4. e4 d6 5. f4 c5 6. Nf3 cxd4 7. Nxd4 Nc6 8. Be2 Nxe4 9. Nxc6 Nxc3 10. Nxd8 Nxd1 11. Nxf7 Kxf7 12. Kxd1 Be6 13. Be3 Rhc8 14. Kd2 Bxc4 15. Bxc4+ Rxc4 16. Rac1 Rc6 17. b3 Rac8 18. Rxc6 Rxc6 19. Rc1 Rxc1 20. Kxc1 a6 21. Kc2 Ke6 22. g4 Kd5 23. Kd3 Bh6 24. g5 Bg7 25. Bb6 e5 26. fxe5 Bxe5 0-1

[Event "Catalunya-chB"]
[Site "Spain"]
[Date "1996.10.13"]
[Round "2"]
[White "Garcia Carmona, David"]
[Black "Roig Gorina, Harold"]
[Result "0-1"]
[WhiteElo "1835"]
[BlackElo "2035"]
[PlyCount "52"]
[EventDate "1997.??.??"]
[EventType "swiss"]
[EventRounds "8"]
[EventCountry "ESP"]
[SourceTitle "EXT 2003"]
[Source "ChessBase"]
[SourceDate "2002.11.25"]
[SourceVersion "1"]
[SourceVersionDate "2002.11.25"]
[SourceQuality "1"]

1. e4 c6 2. d4 d5 3. Nc3 dxe4 4. Nxe4 Bf5 5. Ng3 Bg6 6. Nf3 Nd7 7. Bd3 e6 8. 0-0 Ngf6 9. Re1 Qc7 10. c4 Be7 11. b3 Bxd3 12. Qxd3 0-0 13. Bb2 Rad8 14. Qe2 Rfe8 15. a3 c5 16. Rad1 cxd4 17. Nxd4 a6 18. Kh1 Bc5 19. Ne4 Ba7 20. Nxf6+ Nxf6 21. Nf3 Qe7 22. b4 h6 23. h3 Nh7 24. g3 Qc7 25. Kg2 Qc6 26. Kg1 Ng5 0-1

[Event "Terrassa op-B"]
[Site "Terrassa"]
[Date "1996.??.??"]
[Round "3"]
[White "Martinez Hernandez, Emili"]
[Black "Roig Gorina, Harold"]
[Result "0-1"]
[WhiteElo "1880"]
[BlackElo "2035"]
[PlyCount "114"]
[EventDate "1996.07.??"]
[EventType "swiss"]
[EventRounds "9"]
[EventCountry "ESP"]
[SourceTitle "EXT 2002"]
[Source "ChessBase"]
[SourceDate "2001.11.25"]
[SourceVersion "1"]
[SourceVersionDate "2001.11.25"]
[SourceQuality "1"]

1. e4 c5 2. Nc3 Nc6 3. f4 d6 4. Bb5 Nf6 5. Nf3 g6 6. d3 Bg7 7. Be3 0-0 8. Bxc6 bxc6 9. h3 Rb8 10. Rb1 Qa5 11. 0-0 Be6 12. Qe1 Rb7 13. a3 Rfb8 14. Nd1 Qa4 15. Rf2 Nd7 16. Bc1 Nb6 17. b3 Qa6 18. e5 Nd7 19. Re2 c4 20. exd6 cxd3 21. cxd3 Qxd3 22. Nd2 Qxd6 23. Nf2 Nc5 24. Nfe4 Nxe4 25. Nxe4 Qd4+ 26. Be3 Qd5 27. Nc5 Rb5 28. Nxe6 fxe6 29. Bxa7 Ra8 30. Rd2 Qf5 31. Be3 Rxa3 32. Rd8+ Kf7 33. Rd7 Rbxb3 34. Rxb3 Rxb3 35. Qh4 g5 36. Qf2 Rb1+ 37. Kh2 Rb2 38. Qf3 Rb3 39. Qh5+ Qg6 40. Qxg6+ hxg6 41. Bc5 Bf6 42. fxg5 Bxg5 43. g3 Rc3 44. Bb4 Rc2+ 45. Kg1 c5 46. Ba5 c4 47. Rc7 Bf6 48. Bb4 e5 49. Rd7 e4 50. Rd1 Rb2 51. Bc5 c3 52. Ba3 c2 53. Rf1 Rb1 54. Bc1 Ke6 55. Re1 Kd5 56. Kf2 Bc3 57. Re3 Bd4 0-1

[Event "Terrassa op-B"]
[Site "Terrassa"]
[Date "1996.??.??"]
[Round "7"]
[White "Roig Gorina, Harold"]
[Black "Ramirez Carrizo, Victor Jose"]
[Result "1/2-1/2"]
[WhiteElo "2035"]
[BlackElo "2015"]
[PlyCount "102"]
[EventDate "1996.07.??"]
[EventType "swiss"]
[EventRounds "9"]
[EventCountry "ESP"]
[SourceTitle "EXT 2002"]
[Source "ChessBase"]
[SourceDate "2001.11.25"]
[SourceVersion "1"]
[SourceVersionDate "2001.11.25"]
[SourceQuality "1"]

1. d4 Nf6 2. c4 g6 3. Nc3 d5 4. Bf4 c6 5. e3 Bg7 6. Nf3 Nbd7 7. Rc1 0-0 8. cxd5 Nxd5 9. Nxd5 cxd5 10. Bc7 Qe8 11. Qb3 Nb6 12. Bxb6 axb6 13. a3 Qd8 14. Be2 Qd6 15. Qc3 Bf5 16. 0-0 Rfc8 17. Qb3 h6 18. h3 g5 19. Ne5 Rc7 20. Rxc7 Qxc7 21. Qxd5 Be6 22. Qe4 Rc8 23. Bf3 f5 24. Qxb7 Qxb7 25. Bxb7 Rc2 26. Nc6 Bc4 27. Rb1 Ba2 28. Rd1 Kf8 29. b4 Bd5 30. Nd8 Bxb7 31. Nxb7 Ke8 32. Nc5 bxc5 33. dxc5 Bb2 34. Rd3 Rc3 35. Rxc3 Bxc3 36. Kf1 Bb2 37. a4 Ba3 38. b5 Bxc5 39. Ke2 Kd7 40. Kd3 Kd6 41. Kc4 Ba7 42. a5 Bb8 43. f3 e5 44. e4 f4 45. Kb4 Kc7 46. Kc5 Kb7 47. a6+ Ka7 48. Kc6 h5 49. h4 gxh4 50. Kc5 Bc7 51. Kc6 Bb6 1/2-1/2

[Event "Terrassa op-B"]
[Site "Terrassa"]
[Date "1996.??.??"]
[Round "4"]
[White "Roig Gorina, Harold"]
[Black "Rivas Garcia, David"]
[Result "1-0"]
[WhiteElo "2035"]
[BlackElo "1925"]
[PlyCount "87"]
[EventDate "1996.07.??"]
[EventType "swiss"]
[EventRounds "9"]
[EventCountry "ESP"]
[SourceTitle "EXT 2002"]
[Source "ChessBase"]
[SourceDate "2001.11.25"]
[SourceVersion "1"]
[SourceVersionDate "2001.11.25"]
[SourceQuality "1"]

1. d4 d5 2. Nf3 Nf6 3. c4 e6 4. Nc3 Bb4 5. e3 0-0 6. a3 Bxc3+ 7. bxc3 c5 8. cxd5 exd5 9. Ne5 c4 10. Be2 Ne4 11. Bd2 Nd7 12. Nxd7 Bxd7 13. 0-0 Qg5 14. Re1 Qh4 15. Rf1 Qg5 16. Re1 Qh4 17. Rf1 Qg5 18. f4 Qg6 19. Bf3 Bf5 20. Be1 Qe6 21. g4 Qg6 22. Kh1 Bd7 23. f5 Qg5 24. Bxe4 dxe4 25. Rf4 Rac8 26. h4 Qd8 27. g5 g6 28. f6 Bf5 29. h5 Qd7 30. Qe2 Rc6 31. Qh2 Rb6 32. hxg6 fxg6 33. Rh4 Rb5 34. Bg3 Bg4 35. Be5 Bf3+ 36. Kg1 Rf7 37. Bf4 Rf5 38. Qb2 Rb5 39. Qa2 Qe6 40. Rb1 Rxb1+ 41. Qxb1 Be2 42. Qb5 Rd7 43. Qe5 Bg4 44. Qb8+ 1-0